<?xml version="1.0" encoding="UTF-8"?>
<collection xmlns="http://www.loc.gov/MARC21/slim">
 <record>
  <leader>01201nam a2200277 a 4500</leader>
  <controlfield tag="001">12591860</controlfield>
  <controlfield tag="008">090601s2002    ii a     f    001 0 eng d</controlfield>
  <datafield tag="010" ind1=" " ind2=" ">
   <subfield code="a">  2001058126</subfield>
  </datafield>
  <datafield tag="020" ind1=" " ind2=" ">
   <subfield code="a">0761996095 (U.S. : pbk.)</subfield>
  </datafield>
  <datafield tag="020" ind1=" " ind2=" ">
   <subfield code="a">0761996141 (U.S. : hardback)</subfield>
  </datafield>
  <datafield tag="020" ind1=" " ind2=" ">
   <subfield code="a">8178290804 (India : hardback)</subfield>
  </datafield>
  <datafield tag="020" ind1=" " ind2=" ">
   <subfield code="a">8178290812 (India : pbk.)</subfield>
  </datafield>
  <datafield tag="040" ind1=" " ind2=" ">
   <subfield code="a">DLC</subfield>
   <subfield code="c">DLC</subfield>
   <subfield code="d">YDX</subfield>
   <subfield code="d">BAKER</subfield>
   <subfield code="d">BTCTA</subfield>
   <subfield code="d">YDXCP</subfield>
   <subfield code="d">DLC</subfield>
  </datafield>
  <datafield tag="082" ind1="0" ind2="0">
   <subfield code="a">658.02/2/0954</subfield>
   <subfield code="2">21</subfield>
  </datafield>
  <datafield tag="100" ind1="1" ind2=" ">
   <subfield code="a">Verma, J. C.,</subfield>
   <subfield code="d">1936-</subfield>
  </datafield>
  <datafield tag="245" ind1="1" ind2="0">
   <subfield code="a">Small business and industry :</subfield>
   <subfield code="b">a handbook for entrepreneurs /</subfield>
   <subfield code="c">J.C. Verma, Gurpal Singh.</subfield>
  </datafield>
  <datafield tag="260" ind1=" " ind2=" ">
   <subfield code="a">New Delhi ;</subfield>
   <subfield code="a">Thousand Oaks, Calif. :</subfield>
   <subfield code="b">Repsonse Books,</subfield>
   <subfield code="c">2002.</subfield>
  </datafield>
  <datafield tag="300" ind1=" " ind2=" ">
   <subfield code="a">320 p. :</subfield>
   <subfield code="b">ill. ;</subfield>
   <subfield code="c">23 cm.</subfield>
  </datafield>
  <datafield tag="500" ind1=" " ind2=" ">
   <subfield code="a">Includes index.</subfield>
  </datafield>
  <datafield tag="541" ind1="1" ind2=" ">
   <subfield code="e">00009579</subfield>
  </datafield>
  <datafield tag="650" ind1=" " ind2="0">
   <subfield code="a">Small business</subfield>
   <subfield code="z">India</subfield>
   <subfield code="x">Management</subfield>
   <subfield code="v">Handbooks, manuals, etc.</subfield>
  </datafield>
  <datafield tag="650" ind1=" " ind2="0">
   <subfield code="a">New business enterprises</subfield>
   <subfield code="z">India</subfield>
   <subfield code="v">Handbooks, manuals, etc.</subfield>
  </datafield>
  <datafield tag="700" ind1="1" ind2=" ">
   <subfield code="a">Singh, Gurpal,</subfield>
   <subfield code="d">1953-</subfield>
  </datafield>
  <datafield tag="852" ind1="4" ind2=" ">
   <subfield code="a">Ayesha Abed Library</subfield>
   <subfield code="j">General Shelf.</subfield>
  </datafield>
  <datafield tag="999" ind1=" " ind2=" ">
   <subfield code="c">1221</subfield>
   <subfield code="d">1221</subfield>
  </datafield>
  <datafield tag="952" ind1=" " ind2=" ">
   <subfield code="0">0</subfield>
   <subfield code="1">0</subfield>
   <subfield code="2">ddc</subfield>
   <subfield code="4">0</subfield>
   <subfield code="6">658_022095400000000_VER</subfield>
   <subfield code="7">0</subfield>
   <subfield code="9">1107</subfield>
   <subfield code="a">BRACUL</subfield>
   <subfield code="b">BRACUL</subfield>
   <subfield code="c">GEN</subfield>
   <subfield code="d">2009-06-25</subfield>
   <subfield code="g">0.00</subfield>
   <subfield code="l">2</subfield>
   <subfield code="m">11</subfield>
   <subfield code="o">658.0220954 VER</subfield>
   <subfield code="p">3010009579</subfield>
   <subfield code="r">2018-03-05</subfield>
   <subfield code="s">2018-02-28</subfield>
   <subfield code="t">1</subfield>
   <subfield code="w">2009-06-25</subfield>
   <subfield code="y">BK</subfield>
   <subfield code="x">No price found in the accession register.</subfield>
  </datafield>
 </record>
</collection>
